00534nam a2200169 a 450000100060000000300090000600800410001502000150005604000280007108200180009910000290011724500790014626000430022530000110026865000440027965000410032315027CO-ViMGA141112s2004 ck r 000 u spa d a9588159423 aCO-ViMGAbspacCO-ViMGA04aCo840.4 O736p1 aOrdoñez Diaz, Leonardo10aPoesia y modernidad, spleen e ideal en la estética de Charles Baudelaire aBtá, cMinisterio de Cultura, c2002 a172.p.14aBAUDELAIRE CHARLES PIERRE - 1821 - 186714aPOESIA FRANCESA - HISTORIA Y CRITICA